| 000 | 00427nam a22001457a 4500 | ||
|---|---|---|---|
| 008 | 230515b |||||||| |||| 00| 0 eng d | ||
| 040 |
_aNational Science Library _cNational Science Library |
||
| 080 |
_a551.4.035(1-925.36) _bN0 |
||
| 100 |
_aNegi, S S _98946 |
||
| 245 | _aHandbook of the Himalaya | ||
| 260 |
_aNew Delhi: _bIndus Publishing Company, _c1990 |
||
| 650 | _aGeology | ||
| 653 | _aRegional | ||
| 942 |
_2udc _cBK |
||
| 999 |
_c30030 _d30030 |
||